00503nam a22001817a 450000500170000001000150001702000260003203500140005803700130007208200110008510000180009624500560011425000120017026000380018227000520022030000290027250000200030120170821141735.0 aENG-119901 a9789386551344c195.00 aEN-103433 bDBAD/PUB a005.13 aMcGrath, Mike aC++ programming in easy steps /cby Mike McGrathb  a4th ed. aNew DelhibBPB Publicationsc2017 a20 Ansari Road, Darya Ganj, bNew Delhie110002 a192p. :c23cm(pbk)bill. a Includes index